Szczegóły MARC
| 000 -Nagłówek |
| fixed length control field |
02509cam a2200565 i 4500 |
| 001 - Nr kontrolny bibl., która utworzyła rek. |
| control field |
xx004716985 |
| 003 - Siglum bibl., której nr kontr. jest w 001 |
| control field |
NUKAT |
| 005 - Data i czas ostatniej operacji |
| control field |
20260416124656.0 |
| 008 - Elementy pola stałej długości |
| fixed length control field |
191008s2019 pl a |000 0 pol c |
| 020 ## - ISBN |
| ISBN |
9788380981454 |
| 035 ## - Systemowy numer kontrolny |
| systemowy numer kontrolny |
(OCoLC)1126615143 |
| 035 ## - Systemowy numer kontrolny |
| systemowy numer kontrolny |
(NUKAT)xx004716985 |
| 040 ## - Instytucja sporządzająca opis |
| Instytucja, która sporządziła opis |
WA U/EBA |
| język katalgowania-trzyzn. kod |
pol |
| zasady opisu |
rda |
| Instytucja, która sporządziła rekord |
WA U/EBAs |
| Instytucja, która zmodyfikowała rekord |
WA U/DSW |
| -- |
WR O/IS |
| -- |
WA 14/PTs |
| 045 2# - Okres czasu dla zawartości |
| czas między r. 9999 pne a nasz. czas. |
d1933 |
| -- |
d1945 |
| 046 ## - Kod rodz. daty, data1, data2 (daty pne) |
| Begin/single date |
2019 |
| 245 00 - Tytuł właściwy i oznaczenie odpow. |
| tytuł |
Zbiór fotografii Głównej Komisji Badania Zbrodni przeciwko Narodowi Polskiemu - Instytutu Pamięci Narodowej : |
| dodatek do tytułu |
przegląd zawartości / |
| dod. inf. ze s. tyt./ozn. odpow. |
redakcja naukowa Tomasz Stempowski, Konrad Wiesław Ślusarski ; Instytut Pamięci Narodowej Komisja Ścigania Zbrodni przeciwko Narodowi Polskiemu. |
| 260 ## - Adres wydawniczy |
| miejsce wydania, dystrybucji itp. |
[Warszawa] : |
| nazwa wydawcy, dystrybutora itp. |
Instytut Pamięci Narodowej Komisja Ścigania Zbrodni przeciwko Narodowi Polskiemu, |
| data wydania, dystrybucji itp. |
© copyright 2019. |
| 300 ## - Opis fizyczny |
| objętość i/lub forma materiału |
1109, [3] strony, [40] stron tablic : |
| inne szczegóły opisu fizycznego |
ilustracje ; |
| format |
25 cm. |
| 336 ## - Content Type |
| Term |
Tekst |
| Code |
txt |
| Source |
rdacontent |
| 337 ## - Media Type |
| Term |
Bez urządzenia pośredniczącego |
| Code |
n |
| Source |
rdamedia |
| 338 ## - Carrier Type |
| Term |
Wolumin |
| Code |
nc |
| Source |
rdacarrier |
| 380 ## - Form of work |
| Form of work |
Książki |
| 380 ## - Form of work |
| Form of work |
Publikacje naukowe |
| 388 1# - TIME PERIOD OF CREATION |
| Time period of creation term |
2001- |
| 500 ## - Uwaga ogólna |
| uwaga ogólna |
Miejsce wydania na podstawie serwisu e-ISBN. |
| 504 ## - Uwaga o bibliografii |
| uwaga o bibliografii |
Bibliografia na stronach 1095-1105. |
| 510 3# - Uwaga o cytowaniu lub źródłach opisu bibliogr. |
| nazwa źródła |
BNPol online |
| 610 27 - Hasło przedmiotowe-nazwa ciała zbior. |
| nazwa ciała zbior. lub geogr. |
Instytut Pamięci Narodowej |
| źródło hasła |
DBN |
| 9 (RLIN) |
39618 |
| 610 27 - Hasło przedmiotowe-nazwa ciała zbior. |
| nazwa ciała zbior. lub geogr. |
Instytut Pamięci Narodowej - Komisja Ścigania Zbrodni przeciwko Narodowi Polskiemu |
| określnik formy |
katalogi. |
| źródło hasła |
kaba |
| 9 (RLIN) |
40161 |
| 648 #7 - SUBJECT ADDED ENTRY--CHRONOLOGICAL TERM |
| Chronological term |
1901-2000 |
| Source of heading or term |
DBN |
| 9 (RLIN) |
34996 |
| 648 #7 - SUBJECT ADDED ENTRY--CHRONOLOGICAL TERM |
| Chronological term |
1918-1939 |
| Source of heading or term |
DBN |
| 9 (RLIN) |
36041 |
| 648 #7 - SUBJECT ADDED ENTRY--CHRONOLOGICAL TERM |
| Chronological term |
1939-1945 |
| Source of heading or term |
DBN |
| 9 (RLIN) |
36042 |
| 650 #7 - Hasło przedmiotowe-nazwa pospolita |
| nazwa pospolita lub geogr. |
Fotografia dokumentalna |
| źródło hasła |
DBN |
| 9 (RLIN) |
39457 |
| 650 #7 - Hasło przedmiotowe-nazwa pospolita |
| nazwa pospolita lub geogr. |
II wojna światowa (1939-1945) |
| źródło hasła |
DBN |
| 9 (RLIN) |
35099 |
| 650 #7 - Hasło przedmiotowe-nazwa pospolita |
| nazwa pospolita lub geogr. |
Ludobójstwo niemieckie (1939-1945) |
| źródło hasła |
DBN |
| 9 (RLIN) |
35441 |
| 650 #7 - Hasło przedmiotowe-nazwa pospolita |
| nazwa pospolita lub geogr. |
Trzecia Rzesza (1933-1945) |
| źródło hasła |
DBN |
| 9 (RLIN) |
40162 |
| 650 #7 - Hasło przedmiotowe-nazwa pospolita |
| nazwa pospolita lub geogr. |
Zbiory archiwalne |
| źródło hasła |
DBN |
| 9 (RLIN) |
37406 |
| 650 #7 - Hasło przedmiotowe-nazwa pospolita |
| nazwa pospolita lub geogr. |
Fotografie |
| określnik rzeczowy |
kolekcje publiczne |
| określnik geograficzny |
Polska |
| określnik formy |
katalogi. |
| źródło hasła |
kaba |
| 9 (RLIN) |
40163 |
| 651 #7 - Hasło przedmiotowe-nazwa geogr. |
| nazwa geograficzna |
Niemcy |
| źródło hasła |
DBN |
| 9 (RLIN) |
35243 |
| 651 #7 - Hasło przedmiotowe-nazwa geogr. |
| nazwa geograficzna |
Polska |
| źródło hasła |
DBN |
| 9 (RLIN) |
35076 |
| 655 #7 - Termin określający rodzaj/formę |
| rodzaj/forma |
Opracowanie |
| źródło terminu |
DBN |
| 9 (RLIN) |
35024 |
| 658 ## - Nazwa określająca cel programu nauczania |
| główny cel programu nauczania |
Bezpieczeństwo i wojskowość |
| 658 ## - Nazwa określająca cel programu nauczania |
| główny cel programu nauczania |
Bibliotekarstwo, archiwistyka, muzealnictwo |
| 658 ## - Nazwa określająca cel programu nauczania |
| główny cel programu nauczania |
Historia |
| 700 1# - Hasło dodatkowe - nazwa osobowa |
| nazwa osobowa |
Stempowski, Tomasz |
| daty biograficzne |
(1971- ). |
| rodzaj współpracy |
Redakcja |
| 9 (RLIN) |
40159 |
| 700 1# - Hasło dodatkowe - nazwa osobowa |
| nazwa osobowa |
Ślusarski, Konrad |
| daty biograficzne |
(1976- ). |
| rodzaj współpracy |
Redakcja |
| 9 (RLIN) |
40160 |
| 710 2# - Hasło dodatkowe - nazwa ciała zbior. |
| nazwa ciała zbior. lub nazwa geogr. |
Instytut Pamięci Narodowej - Komisja Ścigania Zbrodni przeciwko Narodowi Polskiemu. |
| rodzaj współpracy |
Instytucja sprawcza |
| -- |
Wydawca |
| kod rodzaju współpracy |
pbl |
| 9 (RLIN) |
11792 |
| 920 ## - ISBN |
| ISBN |
978-83-8098-145-4 |
| 942 ## - ADDED ENTRY ELEMENTS (KOHA) |
| Source of classification or shelving scheme |
Dewey Decimal Classification |
| Koha item type |
pozycje dostępne na miejscu |